000 00624nam a22001457a 4500
020 _a978-0-19-275516-2
082 _a823
_bOGI/K
100 _aOGILVY, IAN
245 _aMEASLE AND THE WRATH MONK
260 _aLONDON
_bOXFORD UNIVERISITY PRESS
_c2004
300 _a200
520 _aMeasle Stubbs lives in a dreary, horrible house, with Basil Tramplebone, his dreary, horrible guardian. His life is miserable, and suddenly gets worse when Measle finds himself on the wrong end of one of Basil's evil spells. Now he's only half an inch tall and trapped in the world of a toy train set.
650 _aSHORT STORY
942 _cBK
999 _c6421
_d6421